|
|
|
|
| LEADER |
00762nab#a2200289#ar4500 |
| 001 |
000005513 |
| 003 |
SVKKK |
| 005 |
20030701141555.0 |
| 008 |
030701c1996 e sloo |
| FMT |
|
|
|
| 038 |
|
|
|a SVKKK
|
| 040 |
|
|
|a SVKKK
|b slo
|e AACR2
|
| 041 |
0 |
|
|a slo
|
| 080 |
|
|
|a 339.17
|2 1981
|
| 100 |
0 |
|
|a brum
|4 aut
|
| 245 |
1 |
0 |
|a V Kmarte noví majitelia :
|b Briti sa predstavili svojim zamestnancom
|c brum ,
|
| 260 |
|
|
|c 1996
|
| 650 |
0 |
4 |
|a domy obchodné
|z Kmart, Košice (obchodný dom)
|
| 650 |
0 |
4 |
|a informácie
|
| 650 |
0 |
4 |
|a zmena majiteľa
|z Tesco (obchodný dom)
|z Košice
|
| 773 |
0 |
|
|t Košický večer
|g Roč. 7, č. 81(1996), dát. 0425, s. 2
|
| 957 |
|
|
|a Košice
|
| 974 |
|
|
|a Cr
|
| 992 |
|
|
|a RBX
|
| BAS |
|
|
|
| 852 |
|
|
|a SVKKK
|b BIB
|
| 998 |
|
|
|a REG
|